000 00320nam a22001337a 4500
008 181031b xxu||||| |||| 00| 0 eng d
020 _a9780765702531
041 _aeng
080 _a159.9
100 _a49
101 _aPSY
245 _aPsychotherapies With Children And Adolescents
_cJohn.O.B
942 _2udc
_cBK
999 _c51347
_d51347